000
00215nam a22000857a 4500
008
170306b xxu||||| |||| 00| 0 eng d
100
_9
3024
_a
Jain.P.K.
245
_a
English Communicative-X
260
_a
New Delhi
_b
APC
_c
2010
999
_c
6269
_d
6269